=LDR 00000nam 2200000 4500 =001 INLIS000000000053651 =005 20200603095835 =035 ##$$a 0010-1118000026 =007 ta =008 200603################g##########0#ind## =082 ##$$a 2x3.01 =084 ##$$a 2x3.01 QAR m =100 1#$$a Qardhawi, yusuf =245 1#$$a Metode memahami as-sunnah dengan benar /$c Dr. Yusuf Qardhawi =250 ##$$a Cet. 1 =260 ##$$a Jakarta :$b Media da'wah,$c 1994 =300 ##$$a 338 hlm ; $c 12x18 cm =650 #4$$a Pemikiran Islam =990 ##$$a 00093410